Statistics for Ultimate Twilight Saga Quiz

Click here to take the quiz!

General Stats

  • This quiz has been taken 205 times
  • The average score is 8 of 15

Answer Stats

HintAnswer% Correct
First it was Carlisle, then it was Edward...who was the third person to join the family?Esme
83%
Who is the first person to ask Bella to prom?Mike
80%
Which character uses a wheelchair?Billy Black
79%
What was Edward dying from in 1918?Spanish Influenza
76%
How many kids does author Stephenie Meyer have?3
75%
What kind of car does Edward drive?Volvo
68%
What drink does she order?coke
57%
What is Edward's middle name?Anthony
46%
What does Bella tell Edward her favorite color is?brown
45%
What dish does Bella order at the restaurant in Twilight?mushroom ravioli
45%
What was Jasper's last name?Whitlock
35%
When is Bella's birthday?September 13
34%
What does Bella buy Renesmee for Christmas?Necklace
33%
What does Edward buy Renesmee for Christmas?iPod
12%
What does Angela need help writing in Eclipse?graduation announcements
4%

Score Distribution

Percentile by Number Answered

Percent of People with Each Score

Your Score History

You have not taken this quiz